000 00808nam a2200253Ia 4500
003 OSt
005 20220926005244.0
006 a|||||r|||| 00| 0
007 ta
008 220923b |||||||| |||| 00| 0 eng d
020 _a8170362024
_c1000.00
037 _b2852, 14/09/2007, RAJKIRAN BOOK AGENCY
_cGeneral Book
040 _aRTL
_cRTL
_beng
041 _2eng
_aeng
082 _aY33:4.225.N8, N0
100 _aNAIDU Ratna
245 0 _aOld cities, new predicaments
_b A study of Hyderabad
260 _a New Delhi
_bSage Publications India Pvt. Ltd.
_c1990
300 _a177p
_ccm.
500 _aGlossary: P 171
650 _aSociolology
_9230864
942 _hY33:4.225.N8, N0
_cGB
_2CC
999 _c613312
_d613312